| 000 | 00000nam##2200000za#4500 |
| 001 | 9.688077 |
| 003 | CaOODSP |
| 005 | 20210624231248 |
| 007 | cr ||||||||||| |
| 008 | 150407|2006||||xxc|||||o f|0| 0 eng|d |
| 020 | |a0-662-42556-1 |
| 040 | |aCaOODSP|beng |
| 043 | |an-cn--- |
| 086 | 1 |aEn154-35/2006E-PDF |
| 110 | 1 |aCanada. |bEnvironment Canada. |bQuebec Region. |
| 245 | 10|aOverview of community action development under the St. Lawrence Action Plan |h[electronic resource] |
| 260 | |aQuébec - Quebec : |bEnvironment Canada. |cc2006. |
| 300 | |a16p.|bcoloured maps, photographs |
| 500 | |aThe catalogue number (En154-35/2006E) and ISBN (0-662-42555-3) for the print edition have been incorrectly copied in this electronic publication. |
| 590 | |a14-08-Supp|b2014-04-10 |
| 690 | 07|aAquatic ecosystems|2gcpds |
| 690 | 07|aSustainable development|2gcpds |
| 775 | 08|tPortrait de l'évolution de l'action communautaire dans le cadre du Plan d'action Saint-Laurent |w(CaOODSP)9.632512 |
| 856 | 40|ahttp://publications.gc.ca|qPDF|s562 KB|uhttps://publications.gc.ca/collections/collection_2014/ec/En154-35-2006-eng.pdf |